000 00974nam a22002417a 4500
005 20080626104633.0
008 080618t xxu||||| |||| 00| 0 eng d
010 _aENG-90437
020 _c495.00
_a8178298207
035 _aEN-73970
037 _bDBAD / PUB
040 _aDPL
_bEN
082 _a362.104250954
100 _a
245 _aStrategic issues and challanges in health management /
_cedited by K.V. Ramani, Dileep Mavalankar [and] Dipti Govil
260 _aNew Delhi
_bSage Publications India
_c2008
260 _a
_b
270 _aB 1/1-1 Mohan Cooperative Industrial Area, Mathura Road
_bNew Delhi
_e110044
300 _axxiii, 227p.
_c23 cm (Hb)
500 _aIncludes bibliographical references and index
942 _cEN
_h362.104250954
_2ddc
_mSTR
999 _c14092
_d14092